El propietario de la catedral (Registro nro. 242829)

Detalles MARC
000 -ENCABEZADO
Número de control [NR] 00919cam a2200253Ia 4500
005 - FECHA Y HORA DE LA ÚLTIMA TRANSACCIÓN
control field 20180312142526.0
008 - DE LONGITUD FIJA DE DATOS DE ELEMENTOS - INFORMACIÓN GENERAL
Elementos de longitud fija [NR] 140519s1993 ck a jr 001 j spa d
020 ## - NUMERO INTERNACIONAL NORMALIZADO PARA LIBROS [R]
Número Internacional Normalizado del libro [NR] 9580423814
040 ## - FUENTE DE CATALOGACION [NR]
Agencia de catalogación original [NR] CO-BoUCM
Quien Cataloga Jose A. Gerena
Quien Clasifica Jose A. Gerena
Idioma de catalogación [NR] spa
041 ## - CODIGO DE IDIOMA [R]
Código de idioma para texto/pista de sonido o título separado [R] Español
100 1# - ASIENTO PRINCIPAL--NOMBRE PERSONAL [NR]
Nombre personal [NR] Judenne, Roger
Fechas asociadas con el nombre [NR] 1948-
ID Autoridad 61277
245 13 - MENCION DE TITULO [NR]
Título [NR] El propietario de la catedral
Mención de responsabilidad, etc. [NR] Roger Judenne ; traducción de Luz Amorocho
260 ## - PUBLICACION, DISTRIBUCION, ETC. (PIE DE IMPRENTA) [R]
Lugar de publicación, distribución, etc. [R] Bogotá (Colombia)
Nombre del editor, distribuidor, etc. [R] Norma
Fecha de publicación, distribución, etc. [R] 1993
300 ## - DESCRIPCION FISICA [R]
Extensión [R] 143 páginas
Otros detalles físicos [NR] ilustraciones
490 1# - MENCION DE SERIE [R]
Mención de serie [R] Coleccíon torre de papel
-- Torre amarilla
650 #7 - ASIENTO SECUNDARIO DE MATERIA - TERMINO TEMATICO [R]
9 (RLIN) 19750
Término temático o nombre geográfico como elemento de entrada [NR] Monumentos religiosos
Subdivisión de forma [R] Libros de lectura
650 #7 - ASIENTO SECUNDARIO DE MATERIA - TERMINO TEMATICO [R]
9 (RLIN) 7794
Término temático o nombre geográfico como elemento de entrada [NR] Literatura francesa
650 #7 - ASIENTO SECUNDARIO DE MATERIA - TERMINO TEMATICO [R]
9 (RLIN) 7795
Término temático o nombre geográfico como elemento de entrada [NR] Literatura juvenil
690 ## - ASUNTO AGREGADO LOCAL DE ENTRADA - TÉRMINO TEMÁTICO (OCLC, RLIN)
9 (RLIN) 42863
Acceso temático local Literatura europea
700 1# - ASIENTO SECUNDARIO - NOMBRE PERSONAL [R]
Nombre personal [NR] Amorocho, Luz
Término de relación [R] traductor
9 (RLIN) 61278
765 ## - ASIENTO DE IDIOMA ORIGINAL [R]
Título [NR] Propriétaire de cathédrale
942 ## - ELEMENTOS DE ENTRADA AGREGADOS (KOHA)
Tema principal Literatura
Tipo de ítem principal el descrito en 300a Libro
Edición 1
Parte restante de la signatura top. J925
Sistema de clasificación DEWEY
Clasificación 848.54
Título oculto en OPAC No
Existencias
Fecha de último préstamo Total préstamos Signatura topográfica Código de barras Última vez visto Ejemplar Costo de reposición Price effective from Tipo de ítem Nota pública (OPAC) Perdido Sistema de clasificación Dañado No prestable Tipo de ítem específico Suprimido Ubicación habitual Ubicación actual Localización Fecha de creación Proveedor Forma de adquisición Costo
16/02/2018 3 848.54 J925 200027679 11/12/2025 Ej.1 26000.00 14/05/2014 Libro Spot Literatura general   DEWEY     Libro   Quinta de Mutis Quinta de Mutis Mezanecs 14/05/2014 12 Donación 0.00